|
|
|
|
| LEADER |
00000naa2a2200000 4500 |
| 001 |
626372 |
| 005 |
20231101133416.0 |
| 035 |
|
|
|a (RuTPU)RU\TPU\conf\25736
|
| 035 |
|
|
|a RU\TPU\conf\25727
|
| 090 |
|
|
|a 626372
|
| 100 |
|
|
|a 20180227d2018 k y0rusy50 ca
|
| 101 |
0 |
|
|a rus
|
| 102 |
|
|
|a RU
|
| 105 |
|
|
|a y z 101zy
|
| 135 |
|
|
|a drgn ---uucaa
|
| 181 |
|
0 |
|a i
|
| 182 |
|
0 |
|a b
|
| 200 |
1 |
|
|a Моделирование траекторий движения режущих инструментов при обработке методом буксирного полирования
|f Н. В. Лаптев
|g науч. рук. А. С. Бабаев
|
| 203 |
|
|
|a Текст
|c электронный
|
| 225 |
1 |
|
|a Информационные технологии в производстве и управлении предприятием
|
| 230 |
|
|
|a 1 компьютерный файл (pdf; 636 Кb)
|
| 300 |
|
|
|a Заглавие с титульного экрана
|
| 320 |
|
|
|a [Библиогр.: с. 258 (5 назв.)]
|
| 330 |
|
|
|a В процессе финишной обработке важно получить стабильную режущую кромку для получения стабильных эксплуатационных характеристик инструмента. Необходимые параметры микрогеометрии можно достичь методом буксирной обработки (Drag - finishing process). К достоинствам данного метода можно отнести низкий разброс значений округления режущей кромки в пределах 3мкм., жесткое закрепление инструмента, высокую интенсивность полирования в результате совершаемого сложного планетарного движения, а также возможностьполирования винтовой канавки. Ключевые параметры, влияющие на округление режущей кромки: время обработки, абразивная смесь и частота вращения планетарного механизма.Увеличение частоты вращения приводит не только к более интенсивному абразивному изнашиванию, а также к изменению траектории движения режущего инструмента в абразивной среде. В данной статье будет описана математическая и компьютерная модель сложного планетарного движения буксирного оборудования.
|
| 463 |
|
0 |
|0 (RuTPU)RU\TPU\conf\25518
|t Молодежь и современные информационные технологии
|o сборник трудов XV Международной научно-практической конференции студентов, аспирантов и молодых учёных, 04-07 декабря 2017 г., г. Томск
|f Национальный исследовательский Томский политехнический университет, Инженерная школа информационных технологий и робототехники ; под ред. С. С. Михалевич [и др.]
|v [С. 257-258]
|d 2018
|
| 610 |
1 |
|
|a электронный ресурс
|
| 610 |
1 |
|
|a труды учёных ТПУ
|
| 610 |
1 |
|
|a моделирование
|
| 610 |
1 |
|
|a траектория движения
|
| 610 |
1 |
|
|a режущие инструменты
|
| 610 |
1 |
|
|a обработка
|
| 610 |
1 |
|
|a полирование
|
| 610 |
1 |
|
|a кинематика
|
| 610 |
1 |
|
|a станки
|
| 610 |
1 |
|
|a планетарное движение
|
| 610 |
1 |
|
|a полирование
|
| 700 |
|
1 |
|a Лаптев
|b Н. В.
|
| 702 |
|
1 |
|a Бабаев
|b А. С.
|c специалист в области машиностроения
|c асисстент кафедры Томского политехнического университета
|f 1989-
|g Артём Сергеевич
|2 stltpush
|4 727
|
| 712 |
0 |
2 |
|a Национальный исследовательский Томский политехнический университет
|b Инженерная школа новых производственных технологий
|b Отделение материаловедения
|h 7871
|2 stltpush
|3 (RuTPU)RU\TPU\col\23508
|
| 801 |
|
2 |
|a RU
|b 63413507
|c 20201229
|g RCR
|
| 856 |
4 |
|
|u http://earchive.tpu.ru/handle/11683/46437
|
| 942 |
|
|
|c BK
|